000 01567cam a2200229 4500
001 L136997
008 070308s2007 xxk f 000 0 eng d
035 _a(Sirsi) u136997
041 0 _aeng
050 0 4 _a711.552/218
110 2 _aTown and Country Planning Association
_93022
245 0 0 _aBest practice in urban extensions and new settlements
_h[electronic resource]
260 _c2007
505 2 _aLiterature review and historical context -- New settlement case study: Dickens Heath, Solihull -- Urban extension case study: Upton, Northampton -- Urban extension case study: Newcastle Great Park -- Urban extension case study: Hampton, Peterborough -- New settlement case study: South Woodham Ferrers, Essex -- Urban extension case study: Caterham barracks, Surrey -- The case for linked new settlements.
520 _aSeeks to establish good practice in developing new settlements and urban extensions by drawing lessons from some recently developed examples. The case studies featured here are all very different in composition and size, but they have all been successfully brought forward through the planning system and have used innovative approaches to providing good-quality development on the ground.
590 _aKA NTK
651 4 _aEngland and Wales
_y1543-
690 _aPROPERTY-RESIDENTIAL PROPERTY-RESIDENTIAL PROPERTY DEVELOPMENT
690 _aENVIRONMENTAL AND LAND CONSULTANCY-PLANNING AND DEVELOPMENT
856 4 8 _uhttps://www.tcpa.org.uk/data/files/nsue.pdf
_zView the report free of charge online at www.tcpa.org.uk
942 _n0
999 _c106576
_d106576